[Event "Sao Paulo op-A 6th"]
[Site "Sao Paulo"]
[Date "2017.04.14"]
[Round "1"]
[White "Guerreiro, Alexandre Vieira"]
[Black "Brito, Luismar Jorge"]
[Result "1/2-1/2"]
[WhiteElo "2011"]
[BlackElo "2249"]
[PlyCount "73"]
[EventDate "2017.04.14"]
[EventType "swiss"]
[EventRounds "6"]
[EventCountry "BRA"]
[SourceTitle "CBM 178 Extra"]
[Source "ChessBase"]
[SourceDate "2017.06.22"]
[SourceVersion "1"]
[SourceVersionDate "2017.06.22"]
[SourceQuality "1"]

1. d4 Nf6 2. c4 e6 3. g3 c5 4. d5 exd5 5. cxd5 Bd6 6. Nc3 Bc7 7. d6 Ba5 8. Bg2 0-0 9. Nh3 Re8 10. 0-0 Nc6 11. Nd5 Nxd5 12. Bxd5 h6 13. a3 Qf6 14. Nf4 Ne5 15. Be3 Qxd6 16. Rc1 Bb6 17. Qd2 Qe7 18. Rfd1 Ng4 19. Ng2 Qf6 20. Bf3 Ne5 21. Bd5 d6 22. b4 Ng4 23. Bf3 Ne5 24. Bd5 Qe7 25. bxc5 dxc5 26. a4 a6 27. a5 Ba7 28. Qc2 Ng4 29. Bxc5 Bxc5 30. Qxc5 Qxc5 31. Rxc5 Be6 32. Bxb7 Rad8 33. Rxd8 Rxd8 34. Nf4 Rd6 35. Nxe6 fxe6 36. Rc8+ Kf7 37. Ra8 1/2-1/2

[Event "Cappelle op 32nd"]
[Site "Cappelle la Grande"]
[Date "2016.02.17"]
[Round "6"]
[White "Guerreiro, Alexandre Vieira"]
[Black "Yu, Zong Yang"]
[Result "0-1"]
[WhiteElo "1984"]
[BlackElo "2322"]
[PlyCount "84"]
[EventDate "2016.02.13"]
[EventType "swiss"]
[EventRounds "9"]
[EventCountry "FRA"]
[SourceTitle "EXT 2017"]
[Source "ChessBase"]
[SourceDate "2016.10.25"]
[SourceVersion "1"]
[SourceVersionDate "2016.10.25"]
[SourceQuality "1"]

1. d4 Nf6 2. c4 g6 3. g3 Bg7 4. Bg2 0-0 5. Nc3 d6 6. Nf3 Nbd7 7. 0-0 e5 8. dxe5 dxe5 9. Bg5 c6 10. Qd6 Re8 11. Rad1 h6 12. Bc1 Bf8 13. Qd2 e4 14. Nd4 e3 15. Qc2 exf2+ 16. Rxf2 Bg7 17. Bf4 Qe7 18. a3 Ng4 19. Rf3 Nde5 20. Bxe5 Qxe5 21. e4 Qc5 22. Nce2 Ne5 23. Rc3 a5 24. h3 Be6 25. Kh2 Rad8 26. Nxe6 fxe6 27. b4 axb4 28. axb4 Qxb4 29. Rb1 Qe7 30. Rcb3 Rd7 31. Rd1 Rxd1 32. Qxd1 Nxc4 33. e5 Nxe5 34. Qb1 b5 35. Nf4 g5 36. Ng6 Nxg6 37. Qxg6 Rf8 38. Bxc6 Rf2+ 39. Bg2 Qb7 40. Qxe6+ Kh8 41. Qe8+ Kh7 42. Rf3 Qxf3 0-1

[Event "Cappelle op 32nd"]
[Site "Cappelle la Grande"]
[Date "2016.02.16"]
[Round "5"]
[White "Riff, Jean Noel"]
[Black "Guerreiro, Alexandre Vieira"]
[Result "1-0"]
[WhiteElo "2505"]
[BlackElo "1984"]
[PlyCount "72"]
[EventDate "2016.02.13"]
[EventType "swiss"]
[EventRounds "9"]
[EventCountry "FRA"]
[SourceTitle "EXT 2017"]
[Source "ChessBase"]
[SourceDate "2016.10.25"]
[SourceVersion "1"]
[SourceVersionDate "2016.10.25"]
[SourceQuality "1"]

1. e4 e5 2. Nf3 Nc6 3. Bb5 g6 4. c3 f5 5. d3 fxe4 6. dxe4 Bg7 7. Bc4 Qe7 8. Na3 d6 9. Ng5 Nh6 10. f3 Nd8 11. Be3 Nhf7 12. h4 h6 13. Nxf7 Nxf7 14. Qa4+ c6 15. Qc2 Be6 16. Qb3 Nd8 17. 0-0-0 b5 18. Bxe6 Nxe6 19. c4 a6 20. Nc2 0-0 21. c5 Rfd8 22. Rxd6 Rxd6 23. cxd6 Qxd6 24. h5 g5 25. Rd1 Qe7 26. Nb4 Qf7 27. Rd6 c5 28. Qd5 Nc7 29. Qxf7+ Kxf7 30. Rd7+ Kg8 31. Bxc5 Ne6 32. Be3 Rc8+ 33. Kd2 Rc4 34. Nd5 Nf4 35. Ne7+ Kf8 36. b3 Ke8 1-0